00202 a2200073 450000100060000010000160000624500740002226000320009637326 aSaxena R S aAcademic and Special Libraries; their working, problems and solutions aAgrabY. K Publisherc1989